El desarrollo de los países nuevos (Record no. 20)

MARC details
000 -LEADER
campo de control de longitud fija 01025nmm a2200373 a 4500
003 - IDENTIFICADOR DE NÚMERO DE CONTROL
campo de control AR-BaBNM
005 - FECHA Y HORA DE LA ÚLTIMA TRANSACCIÓN
campo de control 20251128202647.0
008 - DATOS DE LONGITUD FIJA--INFORMACIÓN GENERAL
campo de control de longitud fija 255020s1964 ||||||||||||||000 | spa||
040 ## - FUENTE DE CATALOGACIÓN
Centro/agencia transcriptor AR-BaBNM
245 10 - MENCIÓN DEL TÍTULO
Título El desarrollo de los países nuevos
Resto del título agenda para las investigaciones
250 ## - MENCION DE EDICION
Mención de edición 1ª ed.
260 ## - PUBLICACIÓN, DISTRIBUCIÓN, ETC.
Lugar de publicación, distribución, etc. México, D.F.
Nombre del editor, distribuidor, etc. Herrero
Fecha de publicación, distribución, etc. 1964
650 #4 - PUNTO DE ACCESO ADICIONAL DE MATERIA--TÉRMINO DE MATERIA
Término de materia o nombre geográfico como elemento de entrada SOCIEDAD CONTEMPORANEA
650 #4 - PUNTO DE ACCESO ADICIONAL DE MATERIA--TÉRMINO DE MATERIA
Término de materia o nombre geográfico como elemento de entrada POLITICA
650 #4 - PUNTO DE ACCESO ADICIONAL DE MATERIA--TÉRMINO DE MATERIA
Término de materia o nombre geográfico como elemento de entrada CAMBIO SOCIAL
650 #4 - PUNTO DE ACCESO ADICIONAL DE MATERIA--TÉRMINO DE MATERIA
Término de materia o nombre geográfico como elemento de entrada DESARROLLO ECONOMICO
650 #4 - PUNTO DE ACCESO ADICIONAL DE MATERIA--TÉRMINO DE MATERIA
Término de materia o nombre geográfico como elemento de entrada DESARROLLO RURAL
650 #4 - PUNTO DE ACCESO ADICIONAL DE MATERIA--TÉRMINO DE MATERIA
Término de materia o nombre geográfico como elemento de entrada CAMBIO TECNOLOGICO
650 #4 - PUNTO DE ACCESO ADICIONAL DE MATERIA--TÉRMINO DE MATERIA
Término de materia o nombre geográfico como elemento de entrada EDUCACION Y DESARROLLO
650 #4 - PUNTO DE ACCESO ADICIONAL DE MATERIA--TÉRMINO DE MATERIA
Término de materia o nombre geográfico como elemento de entrada DESARROLLO POLITICO
650 #4 - PUNTO DE ACCESO ADICIONAL DE MATERIA--TÉRMINO DE MATERIA
Término de materia o nombre geográfico como elemento de entrada INVESTIGACION Y DESARROLLO
700 1# - ENTRADA AGREGADA--NOMBRE PERSONAL
Nombre de persona Asher, Robert E.
700 1# - ENTRADA AGREGADA--NOMBRE PERSONAL
Nombre de persona Hagen, Everett E.
700 1# - ENTRADA AGREGADA--NOMBRE PERSONAL
Nombre de persona Hirschman, Albert O.
700 1# - ENTRADA AGREGADA--NOMBRE PERSONAL
Nombre de persona Colm, Gerhard
700 1# - ENTRADA AGREGADA--NOMBRE PERSONAL
Nombre de persona Geiger, Theodore
700 1# - ENTRADA AGREGADA--NOMBRE PERSONAL
Nombre de persona Mosher, Arthur T.
700 1# - ENTRADA AGREGADA--NOMBRE PERSONAL
Nombre de persona Eckhaus, E.S.
700 1# - ENTRADA AGREGADA--NOMBRE PERSONAL
Nombre de persona Bowman, Mary Jean
700 1# - ENTRADA AGREGADA--NOMBRE PERSONAL
Nombre de persona Anderson, C. Arnold
700 1# - ENTRADA AGREGADA--NOMBRE PERSONAL
Nombre de persona Wriggins, Howard
942 ## - ELEMENTOS DE ENTRADA SECUNDARIOS (KOHA)
Tipo de ítem Koha Libros
998 ## - INFORMACIÓN DE CONTROL LOCAL (RLIN)
Iniciales del catalogador, CIN (RLIN) calidad
Holdings
Estatus retirado Estado de pérdida Fuente de la clasificación o esquema de estantería Estado de daño Restricciones de uso No para préstamo Biblioteca de origen Biblioteca actual Fecha de adquisición Total de préstamos Signatura topográfica completa Código de barras Visto por última vez Precio de reemplazo Tipo de ítem Koha
    Clasificación Decimal Dewey   Acceso restringido No para préstamo Liberty Liberty 28/11/2025   327 ASH 131686 28/11/2025 28/11/2025 Libros